| 000 | 00557nam a2200181Ia 4500 | ||
|---|---|---|---|
| 999 |
_c21376 _d21376 |
||
| 003 | OSt | ||
| 005 | 20200619132851.0 | ||
| 008 | 190216s9999||||xx |||||||||||||| ||und|| | ||
| 020 | _a9788125025962 | ||
| 040 | _coclc | ||
| 082 |
_a954.03 _bBAN/F |
||
| 100 |
_aBandyopadhyay, Sekhar _91696 |
||
| 245 | 0 |
_a From Plassey To Partition : _bA History Of Modern India / _cSekhar Bandyopadhyay |
|
| 260 |
_bOrient Black Swans, _c2010. _aHyderbad: |
||
| 300 | _a523p | ||
| 650 | _aHistory | ||
| 942 |
_cBK _2ddc _h954.03 _iBAN/F _k954.03 _mBAN/F |
||